000 00943nam a2200313 a 4500
001 000112624
003 CHAP
005 20240807091742.0
008 160810s2013 mx |r| ||||||spa d
010 _a109085
011 _a110057
020 _a9680203298
040 _cCHAP
082 0 4 _a634.04
_bA95
100 0 0 _aAvitia García, Edilberto.
_98884
245 1 0 _aDesarrollo floral en frutales /
_cpor Edilberto Avitia García y Ana María Castillo González.
260 _aChapingo, Méx. :
_bUACH.,
_c2013.
300 _a142 p.
590 _aBATCH-UPD
_b05
_c20160810
_lUCH01
_h1117
590 _aE11695DGD
_b10
_c20170531
_lUCH01
_h0912
590 _aE5765TAJ
_b05
_c20160810
_lUCH01
_h1117
650 1 4 _aArboles frutales
_xFloración
_96678
650 1 4 _aFloración vegetal.
_9131017
650 1 4 _aFrutos
_xCrecimiento.
_9131016
700 1 _aCastillo González, Ana María
_920131
901 _aBK
942 _cLIBRO
942 _n0
999 _c109085
_d109085